00353nam a2200133 a 4500008004100000050001500041100002300056245003300079260003400112300001600146350000900162650001500171650003300186120416s1990 ||||||||||||||||| || u aJC 491 Mus aMuseveni, Yoweri K10aConsolidating the revolution aKampalabGovt. Printersc1990 a70p. : ill. a0.00 aREVOLUTION aPOLITICAL REVOLUTION--UGANDA